How to say it : Choice words, phrases, sentences & paragraphs for every situation
| Main Author: | |
|---|---|
| Format: | Book |
| Published: |
New Jersey :
Prentice Hall press ,
2001
|
| Subjects: |
MARC
| LEADER | 00000cam a2200000 7i4500 | ||
|---|---|---|---|
| 001 | 0000012047 | ||
| 005 | 20050420.0 | ||
| 020 | |a 0735202346 | ||
| 040 | |a INS | ||
| 090 | 0 | 0 | |a PE1483. |b M26 2001 |
| 100 | 1 | |a Maggio, Rosalie | |
| 245 | 1 | 0 | |a How to say it : |b Choice words, phrases, sentences & paragraphs for every situation |c Rosalie Maggio |
| 260 | |a New Jersey : |b Prentice Hall press , |c 2001 | ||
| 300 | |a xiii : |b 493p ; |c 24cm. | ||
| 650 | 0 | 0 | |a English language |x rheotic |
| 650 | 0 | 0 | |a Letter writing |
| 999 | |a 0000012601 |b BOOK |c Open Shelf |e Default branch | ||